Score 0/213 Timer 20:00
0 Plays Today
Country Destination % Correct
SpainBarcelona
88.8%
The NetherlandsAmsterdam
83.6%
SpainMadrid
82.8%
GermanyBerlin
81%
FranceParis
81%
ItalyRome
80.2%
GermanyMünchen
76.7%
DenmarkCopenhagen
74.1%
PortugalLisbon
74.1%
ItalyMilan
74.1%
FranceNice
73.3%
SpainAlicante
72.4%
GreeceAthens
72.4%
SwitzerlandZürich
72.4%
SwitzerlandGeneva
71.6%
SpainMálaga
71.6%
ItalyVenice
69.8%
GermanyFrankfurt Hahn
69.8%
SpainPalma de Mallorca
69%
ItalyNaples
69%
PortugalPorto
69%
PolandWarsaw
69%
FranceLyon
68.1%
AustriaVienna
68.1%
IrelandDublin
68.1%
HungaryBudapest
67.2%
SwedenStockholm
67.2%
NorwayOslo
67.2%
GermanyDüsseldorf
66.4%
MaltaMalta-Luqa
63.8%
Czech RepublicPrague
63.8%
GermanyHamburg
63.8%
PolandKraków
62.9%
SpainValencia
62.9%
CroatiaDubrovnik
62.1%
PortugalFaro (The Algarve)
62.1%
SpainTenerife
62.1%
IrelandCork
62.1%
GermanyCologne-Bonn
62.1%
TurkeyAntalya
61.2%
BelgiumBrussels
61.2%
SpainSeville
61.2%
SpainBilbao
61.2%
SpainIbiza
60.3%
FranceMarseille
60.3%
The NetherlandsRotterdam-The Hague
60.3%
LatviaRiga
59.5%
United Kingdom (Not GB or NI)Isle of Man
59.5%
CroatiaZagreb
58.6%
SpainGran Canaria
57.8%
SpainLanzarote
57.8%
FranceBordeaux
57.8%
CyprusLarnaca
56.9%
RomaniaBucharest
56.9%
IrelandShannon
56.9%
ItalyBari
56.9%
FranceToulouse
56%
LuxembourgLuxembourg
56%
LithuaniaVilnius
56%
ItalyPalermo
56%
AustriaInnsbruck
56%
ItalyTurin
55.2%
ItalyFlorence
54.3%
ItalyPisa
54.3%
PolandGdańsk
54.3%
United Kingdom (Not GB or NI)Jersey
53.4%
PortugalMadeira (Funchal)
53.4%
GermanyStuttgart
53.4%
United Kingdom (Not GB or NI)Gibraltar
53.4%
ItalyBologna
52.6%
TurkeyIzmir
52.6%
Country Destination % Correct
NorwayBergen
52.6%
GreeceCorfu
51.7%
SpainMenorca
51.7%
BulgariaSofia
51.7%
CroatiaSplit
51.7%
EstoniaTallinn
50.9%
GreeceRhodes
50%
ItalyVerona
50%
FranceNantes
50%
TurkeyBodrum
49.1%
TurkeyDalaman
49.1%
PolandWrocław
49.1%
GreeceKos
48.3%
SwedenGöteborg
48.3%
PolandKatowice
48.3%
SloveniaLjubljana
48.3%
GermanyHannover
48.3%
CyprusPaphos
47.4%
SpainGirona
46.6%
SpainMurcia
46.6%
MontenegroPodgorica
46.6%
The NetherlandsEindhoven
45.7%
FranceBrest
44.8%
GermanyBremen
44.8%
ItalyGenoa
44%
GreeceChania (Crete)
43.1%
GermanyDortmund
42.2%
GermanyLeipzig-Halle
42.2%
SpainAlmería
41.4%
ItalyCatania
41.4%
FranceGrenoble
40.5%
FranceLille
40.5%
IcelandReykjavik
38.8%
Kosovo/SerbiaPriština
38.8%
PolandŁodź
37.9%
PolandPoznań
37.9%
FranceMontpellier
37.9%
ItalyCagliari
37.9%
CroatiaPula
37.1%
Czech RepublicBrno
36.2%
SloveniaBratislava
36.2%
DenmarkBillund
35.3%
SpainFuerteventura
34.5%
ItalyBergamo
33.6%
ItalyBrindisi
33.6%
FranceRennes
33.6%
GreeceZante
32.8%
AustriaLinz
32.8%
CroatiaZadar
32.8%
SpainSantander
32.8%
SpainVigo
32.8%
IrelandKnock
32.8%
GreeceHeraklion
32.8%
SpainReus
31%
Czech RepublicOstrava
31%
SpainJerez de la Frontera
30.2%
GermanyNürnberg
30.2%
GreeceSantorini
30.2%
DenmarkAarhus
29.3%
SpainZaragoza
29.3%
PolandLublin
29.3%
FranceStrasbourg
29.3%
GreeceMykonos
28.4%
BelgiumCharleroi
27.6%
RomaniaTimișoara
26.7%
LithuaniaKaunas
25.9%
ItalyTrieste
25.9%
FranceBastia
25%
ItalyOlbia
25%
SpainSantiago de Compostela
24.1%
FranceBiarritz
24.1%
Country Destination % Correct
FranceLimoges
23.3%
ItalyLamezia
23.3%
FranceAjaccio
23.3%
BulgariaPlovdiv
22.4%
FranceChambéry
22.4%
GreeceCephalonia
21.6%
IrelandKerry
21.6%
FinlandTampere
20.7%
PolandBydgoszcz
20.7%
FranceLa Rochelle
20.7%
FrancePerpignan
20.7%
ItalyAncona
20.7%
The NetherlandsMaastricht-Aachen
19.8%
FranceToulon
19.8%
FranceTarbes-Lourdes
19%
GermanyKarlsruhe-Baden-Baden
19%
CroatiaRijeka
18.1%
SerbiaNiš
18.1%
PortugalPonta Delgada
18.1%
SpainValladolid
17.2%
FranceBeauvais
17.2%
MontenegroTivat
16.4%
FranceBergerac
15.5%
GreeceKalamata
15.5%
ItalyAlghero
15.5%
ItalyPescara
15.5%
ItalyTreviso
15.5%
GreeceThesaloniki
14.7%
GermanyMemmingen
14.7%
ItalyParma
14.7%
FranceAvignon
14.7%
CroatiaOsijek
12.9%
RomaniaCraiova
12.9%
LithuaniaPalanga
12.9%
GreecePatras
12.9%
The NetherlandsGroningen
12.9%
FranceCarcassonne
12.1%
FranceClermont-Ferrand
12.1%
SpainOviedo Gijón or Xixón
12.1%
SwedenVästerås
11.2%
NorwaySandefjord
11.2%
FranceFigari
11.2%
ItalyTrapani
11.2%
FranceNîmes
10.3%
FranceTours
10.3%
FranceBéziers
9.5%
ItalyPerugia
9.5%
SwedenVäxjö
7.8%
AustriaSalzberg
6%
FrancePoitiers
6%
FranceRodez
6%
NorwayHaugesund
5.2%
ItalyComiso
5.2%
SpainCastellón
4.3%
NorwayMoss
4.3%
FranceDeauville
4.3%
FranceLorient
4.3%
ItalyCuneo
4.3%
ItalyTerme
4.3%
FranceSaint-Malo
3.4%
GreecePreveza-Lefkada
3.4%
FinlandLapland (Kittila, Finland)
3.4%
SwitzerlandBasil
2.6%
FranceChâlons-en-Champagne
2.6%
FranceSaint-Étienne
2.6%
PolandRzeszów
0.9%
FranceBrive-la-Gaillarde
0.9%
FranceDole
0.9%
ItalyCortona
0.9%
FranceHyères
0.9%
GermanyFreidrichschafen
0.9%
Remove Ads.
Support Sporcle.
Get the best of Sporcle when you Go Orange. This ad-free experience offers more features, more stats, and more fun while also helping to support Sporcle. Thank you for becoming a member.

You're not logged in!

Compare scores with friends on all Sporcle quizzes.
OR
Log In

Show Comments

Extras

Top Quizzes Today


Score Distribution

Your Account Isn't Verified!

In order to create a playlist on Sporcle, you need to verify the email address you used during registration. Go to your Sporcle Settings to finish the process.

Report this User

Report this user for behavior that violates our Community Guidelines.

Details: